000
00251nam a22001097a 4500
008
170111b xxu||||| |||| 00| 0 eng d
020
_a
9780201002997
041
_a
eng
080
_a
618.2
245
_a
FROM NOVICE TO EXPERT
_c
BENNER, P
942
_2
udc
_c
BK
999
_c
2706
_d
2706